000 00303nam a22001337a 4500
008 171009b xxu||||| |||| 00| 0 eng d
020 _a9781572594173
041 _aeng
080 _25 ED
_a159.9
100 _a49
101 _aPSI
245 _aTHE DEVELOPING PERSON
_cBERGER.K.S
942 _2udc
_cBK
999 _c32514
_d32514